| 000 | 00858nam a22001577a 4500 | ||
|---|---|---|---|
| 003 | OSt | ||
| 005 | 20151202140717.0 | ||
| 008 | 151202b xxu||||| |||| 00| 0 eng d | ||
| 040 | _cRUA | ||
| 082 | _aFIS PEC 2002 B174 Or.1 | ||
| 100 |
_94136 _aPECH, BUNNARONG. |
||
| 245 | _aEffect of using chicken manure and pig manure on the growt and survival rate of silver carp, indian crap (mrigal) and silver barb in polyculture, ឥទ្ធិពលនៃការប្រើប្រាស់ជីលាមកមាន់ និងជ្រូកទៅលើអត្រាលូតលាស់ និងអត្រារស់នៅត្រីកាបស កាបឥណ្ឌា និងឆ្ពឹននៅក្នុងការចិញ្ចឹមចំរុះ | ||
| 260 |
_aPhnom Penh _bRUA _c2002 |
||
| 300 |
_a50p. _bill. _c29cm. |
||
| 942 |
_2ddc _cFIS |
||
| 999 |
_c3849 _d3849 |
||